Statistics for Premier League 2022/23 Players by Name - P

Click here to take the quiz!

General Stats

  • This quiz has been taken 59 times
  • The average score is 14 of 20

Answer Stats

ClubNationPositionPlayer% Correct
EvertonEnglandGKJordan Pickford
95%
ArsenalGhanaMFThomas Partey
95%
ChelseaUnited StatesFWChristian Pulisic
93%
Manchester CityEnglandMFKalvin Phillips
93%
LiverpoolEnglandDFNathaniel Phillips
93%
Newcastle UnitedEnglandGKNick Pope
93%
Tottenham HotspurCroatiaDFIvan Perisic
89%
FulhamBrazilMFAndreas Pereira
82%
Leicester CityPortugalDFRicardo Pereira
82%
FulhamPortugalMFJoao Palhinha
75%
West Ham UnitedBrazilMFLucas Paqueta
75%
Tottenham HotspurSpainDFPedro Porro
75%
Manchester CityEnglandFWCole Palmer
70%
Manchester UnitedUruguayMFFacundo Pellistri
68%
WolvesPortugalFWDaniel Podence
66%
EvertonScotlandDFNathan Patterson
66%
Leicester CityBelgiumMFDennis Praet
61%
Manchester CityArgentinaMFMaximo Perrone
34%
Leeds UnitedEnglandFWSonny Perkins
9%
BournemouthEnglandGKCameron Plain
7%

Score Distribution

Percentile by Number Answered

Percent of People with Each Score

Your Score History

You have not taken this quiz